Geografia Afryki #2 - Statystyki

Ogólne statystyki
  • Ten quiz został rozwiązany 13 razy
  • Średni wynik to 11 z 20
Statystyki odpowiedzi
Pytanie Odpowiedź % Poprawnych
Które państwo w Afryce ma największą populację? Nigeria
92%
Które państwo wyspiarskie było niezamieszkane, dopóki nie zostało skolonizowane przez Portugalię w 1400 roku? Republika Zielonego Przylądka
92%
Jaki jest najczęściej używany język ojczysty w Afryce? Arabski
77%
Jakie są dwa najludniejsze obszary zurbanizowane w Afryce? Kair
77%
Które dwie stolice znajdują się w odległości mniejszej niż mila od siebie, na przeciwległych brzegach rzeki Kongo? Kinszasa
77%
Jak nazywała się Demokratyczna Republika Konga w latach 1971-1997? Zair
77%
Które dwie stolice znajdują się w odległości mniejszej niż mila od siebie, na przeciwległych brzegach rzeki Kongo? Brazzaville
62%
Która stolica państwa na kontynencie afrykańskim jest najdalej na zachód wysunięta? Dakar
62%
Która stolica państwa na kontynencie afrykańskim jest najdalej na wschód wysunięta? Mogadiszu
62%
Jakie są dwa najludniejsze obszary zurbanizowane w Afryce? Lagos
54%
Które państwo zostało założone jako kolonia dla Afroamerykanów? Liberia
54%
Jakie są dwie główne grupy etniczne w Rwandzie? Tutsi
54%
W jakim mieście kręcono film o II wojnie światowej z udziałem Humphreya Bogarta? Casablanca
46%
Jakie są dwie główne grupy etniczne w Rwandzie? Hutu
46%
Który wodospad na rzece Zambezi jest często uważany za największy na świecie? Wodospady Wiktorii
46%
Która odnoga Nilu bierze swój początek w jeziorze Tana w Etiopii? Nil Błękitny
31%
Na której wyspie znajduje się Stone Town? Zanzibar
31%
Jaką grupę etniczną stanowią egipscy chrześcijanie? Koptowie
15%
Jaka partia polityczna rządzi RPA od 1994 roku? Afrykański Kongres Narodowy
0%
Na której wyspie Nelson Mandela był więziony przez 18 lat? Robben Island
0%
Nie znaleziono quizów pasujących do podanych kryteriów
Rozkład punktacji
Procent ludzi z każdym wynikiem
Percentyl według liczby udzielonych odpowiedzi
Twoja historia wyników
Nie rozwiązałeś tego quizu